| 000 | 00688nam a2200217 i 4500 | ||
|---|---|---|---|
| 001 | 141861 | ||
| 003 | ES-MaACL | ||
| 005 | 20250808085334.0 | ||
| 007 | t| | ||
| 008 | 070928q1929 sp ||||1| spa d | ||
| 100 | 1 |
_aViñas y Mey, Carmelo _9115384 |
|
| 245 | 1 | 0 |
_aEspaña y los orígenes de la política social : _b(las Leyes de Indias) / _cpor Carmelo Viñas y Mey. |
| 260 |
_aMadrid : _b[Velasco, _c1929?] |
||
| 300 |
_a157 p. ; _c20 cm. |
||
| 490 | 1 | _aBiblioteca marva | |
| 650 | 1 | 4 |
_aDerecho colonial- _zAmérica española _911671 |
| 740 | 4 | 2 | _aLas Leyes de Indias. |
| 830 | 1 |
_aBiblioteca marva _9220447 |
|
| 852 |
_aES-MaACL _jB-3350 |
||
| 999 |
_c141861 _d141861 |
||